000
00259nam a22001217a 4500
003
SGT
082
_b
PAT
100
_a
PATHAK, MANISHA
245
_a
JOURNAL OF CREATIVE COMMUNICATIONS
260
_a
INDIA
_b
SAGE PUB.
_c
2022
300
_a
372
942
_2
ddc
_c
BV
999
_c
29888
_d
29888